000 01813nam0a2200373 4500
001 RU\NLR\bibl\352225
005 20260409072209.0
010 _a5-900904-33-4
_930000
021 _aRU
_b2002-49481
_92393
035 _a(NLR Aleph) 000346932
090 _a251670
_c251670
100 _a20021218d2002 |||y0rusy50 ca
101 0 _arus
102 _aRU
105 _ay |||||||||
200 1 _aАрбитражный процессуальный кодекс Российской Федерации
_eФедер. закон от 24 июля 2002 г. № 95-ФЗ
210 _aЕкатеринбург
_cУрал. юрид. изд-во
_d2002
215 _a206, [1] с.
_d20
604 _171001$aРоссийская Федерация
_150011$aАрбитражный процессуальный кодекс$2nlr_sh2$3RU\NLR\AUTH\661262504
_aРоссийская Федерация
_tАрбитражный процессуальный кодекс
_92086371
_3RU\NLR\AUTH\661262504
606 _aАрбитражный процессуальный кодекс
_yРоссийская Федерация
_3RU\NLR\auth\66973390
_91541619
610 0 _aАрбитражный процессуальный кодекс Российской Федерации
610 0 _aРоссийская Федерация, право
675 _a347.918(470)(094.4)
_v3
_zrus
686 _a10.31
_2rugasnti
686 _a67.410
_2rubbk
686 _aХ629.221-324.9(2Р)
740 1 _aРоссийская Федерация
_tЗаконы
_iАрбитражный процессуальный кодекс
_3RU\NLR\AUTH\880379475
_9425334
801 0 _aRU
_bRKP
_c20021218
_gPSBO
801 1 _aRU
_bRKP
_c20021218
801 2 _aRU
_bNLR
_c20090529
_grcr
942 _cBOOK
980 _aNB